| 000 | 00437nam a2200157Ia 4500 | ||
|---|---|---|---|
| 008 | 230917s9999||||xx |||||||||||||| ||und|| | ||
| 020 | _cPON14.99 | ||
| 040 |
_e31043 _aMAIN |
||
| 041 | _aEnglish | ||
| 082 | _a150.92 R753J | ||
| 100 | _aRoudinesco, Elisabeth | ||
| 245 | 0 | _aJacques Lacan: An outline of a life and a history of a system of thought | |
| 260 |
_aCambridge _bPolicy Press _c1999 |
||
| 300 | _azvii, 574 p. | ||
| 942 | _cBK | ||
| 999 |
_c104289 _d104289 |
||